Statistics for Agents of SHIELD Characters #2

Click here to take the quiz!

General Stats

  • This quiz has been taken 24 times
  • The average score is 20 of 28

Answer Stats

HintName% Correct
The hacker-turned-superheroDaisy Johnson
100%
The biochemistJemma Simmons
100%
The brain-damaged engineerLeo Fitz
100%
The CavalryMelinda May
100%
The Director of SHIELDPhil Coulson
100%
An ex-mercenary turned SHIELD agentLance Hunter
90%
A cyborg who is a trusted SHIELD agentDeathlok
85%
The traitor who assassinates his brotherGrant Ward
85%
An engineer who gets mind-controlledAlphonso Mackenzie
80%
The above’s brotherChristian Ward
80%
The grandson of a Howling Commando who dies mid-seasonAntoine Triplett
75%
An elite agent who fights with truncheonsBobbi Morse
75%
The above’s husband and killerCalvin Zabo
75%
A mad German scientist obsessed with the DivinerDaniel Whitehall / Werner Reinhardt
75%
The killer of the aboveJiaying Johnson
75%
A high-ranking U.S. general who hates SHIELDGlenn Talbot
70%
An Inhuman without eyes; can teleportGordon
70%
An Inhuman with electricity powersLincoln Campbell
70%
A man who can absorb any objectAbsorbing Man
65%
An ex-SHIELD agent who impersonates the CavalryAgent 33
65%
The ex-husband of the CavalryAndrew Garner
65%
The thorny ex-scientistRaina
55%
The leader of the “real SHIELD”Robert Gonzales
55%
“Welcome to this secret base. I call it the Playground”Billy Koenig
50%
The above’s brotherSam Koenig
50%
An Indian-British HYDRA agent in charge of Project FaustusSunil Bakshi
45%
These agents were killed by the aboveIsabelle Hartley
40%
These agents were killed by the aboveIdaho
20%

Score Distribution

Percentile by Number Answered

Percent of People with Each Score

Your Score History

You have not taken this quiz